Σχολές, κινήματα και είδη στον κινηματογράφο

Αποθηκεύτηκε σε:
Λεπτομέρειες βιβλιογραφικής εγγραφής
Κύριος συγγραφέας: Pinel, Vincent
Άλλοι συγγραφείς: Καρρά, Μαριλένα (trlf), Δερμεντζόπουλος, Χρήστος Α. (Επιμελητής έκδοσης)
Μορφή: Βιβλίο
Γλώσσα:Greek
French
Δημοσίευση: Αθήνα : Μεταίχμιο, 2006.
Σειρά:Κινηματογραφικές σπουδές (Πατάκης)
Θέματα:
Ετικέτες: Προσθήκη ετικέτας
Δεν υπάρχουν, Καταχωρήστε ετικέτα πρώτοι!

MARC

LEADER 00000cam a2200000 i 4500
001 1/37176
008 060721s2006 gr | ||| |||| ||gre||
020 |a 9603758647 
020 |a 9789603758648 
035 |l 10086018 
040 |a GR-MyUA  |b gre  |e AACR2 
041 1 |a gre  |h fre 
082 0 |a 791.436  |2 (22) 
100 1 |a Pinel, Vincent. 
245 1 0 |a Σχολές, κινήματα και είδη στον κινηματογράφο /   |c Vincent Pinel ; μετάφραση Μαριλένα Καρρά ; επιστημονική επιμέλεια - εισαγωγή Χρήστος Δερμεντζόπουλος.  
260 |a Αθήνα :   |b Μεταίχμιο,   |c 2006.  
300 |a 385 σ. :   |b εγχρ. εικ. ;   |c 24 εκ.  
490 1 |a (Κινηματογραφικές σπουδές) 
500 |a Τίτλος πρωτοτύπου: Ecoles, genres et mouvements au cinema.  
504 |a Βιβλιογραφία: σ.362-365. Ευρετήριο.  
650 0 0 |a Motion pictures  |x Encyclopedias. 
650 0 0 |a Motion pictures  |x Plots, themes, etc. 
650 0 0 |a Film gernes  |x Encyclopedias. 
650 0 0 |a Cinematography  |x Encyclopedias. 
700 1 |a Καρρά, Μαριλένα,  |e trlf 
700 1 |a Δερμεντζόπουλος, Χρήστος Α.  |e edt 
830 0 |a Κινηματογραφικές σπουδές (Πατάκης)  
852 |a INST  |b LESVOS  |e 20070807  |h 791.4303 PIN  |p 005100041226  |q 005100041226  |t BK  |y 0 
852 |a INST  |b RHODES  |e 20060721  |h 791.4303 PIN  |p 005400024506  |q 005400024506  |t BK  |y 0 
852 |a INST  |b RHODES  |e 20100224  |h 791.4303 PIN  |p 005400032518  |q 005400032518  |t BK  |y 0 
852 |a INST  |b SYROS  |e 20061109  |h 791.436 PIN  |p 005500004551  |q 005500004551  |t BK  |y 0 
901 |a BIBL5-2006-3 
901 |a BIBL4-2006-2 
901 |a BIBL1-2007-2 
920 |a ΑΝΑΜΟΡΦΩΣΗ  |b ΕΠΕΑΕΚ ΙΙ-ΠΤΔΕ  |y Ρόδος  |z 2006-06 
922 |a 5ΕΛΗ  |b 200610  |c ΒΙΒΛΙΟΘΗΚΗ ΣΥΡΟΥ  |d GLORY BOOK 
922 |a 1ΕΛΗ  |b 200707  |c ΕΠΕΑΕΚ2/ΤΚΑ  |d Σ. ΠΑΤΑΚΗΣ 
950 |a 188-2006-10-10 
970 |a ΚΟΖΑ  |b ΜΑΡΙΑ  |z 2006/07/21